000 00598nam a2200241 a 4500
001 nice12345678
003 IN_TiNIC
005 20260116012523.0
008 050524s1919 laha grp 000 0 urd
020 _a
_c100
082 0 0 _a291.82
_bALI
100 _aAli, Syed Nawab
245 _aTarikh Sahaf-E-Samavi.
260 _aLahore
_bMatba Noolkishore
_c1919
300 _a224p
500 _aincludes index and biblioraphy
505 2 _aBibliography, Index
650 _aComparative Religion-Scriptures
700 1 _aAli, Syed Nawab
902 _bSRS
942 _cBK
999 _c7335
_d7335